000 00381 a2200169 4500
001 194543
020 _a978-850811868-7
040 _cMagnum
100 _aOrthof, Sylvia
240 1 0 _aFraca fracola, galinha-d'angola
_lpor
245 1 0 _aFraca fracola, galinha-d'angola
300 _a24
362 0 _a2008
440 1 _aÁtica
697 _aLITERATURA INFANTIL
942 _cBK
999 _c194543
_d194543